000 02894cam a22006974i 4500
003 PE-LiUPU
005 20250731170449.0
008 150706s2003 cl rb 000 0 spa d
020 _a9561406829
020 _a8782761406827
035 _a(Sirsi) i9789561406827
040 _aPE-LiUPU
_bspa
_cPE-LiUPU
_dPE-LiUPU
_erda
049 _aPRUA
082 0 4 _a155.3
_bZ62
_221
082 0 4 _a370.11
_bZ59 2003
100 1 _aZegers Prado, Beatriz,
_eautor.
245 1 0 _aDescubrir la sexualidad /
_cBeatriz Zegers Prado.
264 1 _aSantiago, Chile :
_bUniversidad Católica de Chile,
_c2003
300 _a246 páginas ;
_c25 centímetros
336 _atext
_2rdacontent
337 _aunmediated
_2rdamedia
338 _avolume
_2rdacarrier
504 _aIncluye bibliografía al final de cada capitulo.
505 0 _aPersona humana y sexualidad -- Cuerpo y sexualidad -- Desarrollo sicosexual -- Identidad femenina e identidad masculina -- Formación de la identidad sicosexual -- Amor y sexualidad -- Elección de pareja y matrimonio -- Moral sexual -- Orientaciones educativas.
526 _aSEG68
526 _aSEG70
526 _aSEG69
526 _aSEG67
526 _aSEG43
526 _aP144
526 _aP143
526 _aP131
526 _aP122
526 _aP120
526 _aP117
526 _aP112
526 _aP110
526 _aP106
526 _aP101
526 _aP80
526 _aP59
526 _aP54
526 _aP35
526 _aP33
526 _aP30
541 _g001-0031615;
650 0 4 _aSexo (Psicología).
650 0 4 _aSexo.
910 _bjv
_clch
_d20100614
910 _btqv
_cwelc
_d20161206
942 _2ddc
_cBOOK
949 _a155.3 Z62
_wDEWEY
_c1
_i61792
_lCCODEBUL1
_mBUL
_p24.00
_r0
_sY
_tBOOK
_u2015-7-6
_xEDUCACION
_PP33
_o.STAFF. Colección Ciencias de la Salud
949 _a370.11 Z59 2003
_wDEWEY
_c1
_iFJ04763
_lCCODEBUJ1
_mBUJ
_p25.00
_r0
_sY
_tBOOK
_u2016-12-06
_xSALUD
_PP33
_0COMPRA
_o.STAFF. Colección General Juliaca
949 _a370.11 Z59 2003
_wDEWEY
_c2
_iFJ04764
_lCCODEBUJ1
_mBUJ
_p25.00
_r0
_sY
_tBOOK
_u2016-12-06
_xSALUD
_PP33
_0COMPRA
_o.STAFF. Colección General Juliaca
994 _aC0
_bPEPRU
596 _a1 3
999 _a155.3 Z62
_wDEWEY
_c50980
_i61792
_d50980
_e2018-5-10
_f2021-11-3
_g5
_lCCODEBUL1
_mBUL
_n7
_p24.00
_q1
_r0
_sY
_tBOOK
_u2015-7-6
_xSALUD
_PP33
_0COMPRA
_o.STAFF. Colección Ciencias de la Salud
999 _a370.11 Z59 2003
_wDEWEY
_c1
_iFJ04763
_f2022-1-18
_g4
_lCCODEBUJ1
_mBUJ
_p25.00
_r0
_sY
_tBOOK
_u2015-10-19
_xSALUD
_PP33
_0COMPRA
_o.STAFF. Colección General Juliaca
999 _a370.11 Z59 2003
_wDEWEY
_c2
_iFJ04764
_f2022-1-18
_g4
_lCCODEBUJ1
_mBUJ
_p25.00
_r0
_sY
_tBOOK
_u2015-10-19
_xSALUD
_PP33
_0COMPRA
_o.STAFF. Colección General Juliaca
980 _81
_gALBERTO SANCHEZ Responsable de Automatización